La migración interna de Costa Rica
Guardado en:
| Autor principal: | |
|---|---|
| Formato: | Texto |
| Publicado: |
San José:
CELADE
|
| Materias: | |
| Etiquetas: |
Agregar Etiqueta
Sin Etiquetas, Sea el primero en etiquetar este registro!
|
MARC
| LEADER | 00000 a a2200000 04500 | ||
|---|---|---|---|
| 001 | 17276 | ||
| 003 | |||
| 040 | |a CRAI/IIS |c CRAI/IIS | ||
| 090 | |a 010900 | ||
| 100 | |a Alberts, Joop | ||
| 245 | |a La migración interna de Costa Rica | ||
| 260 | |a San José: |b CELADE | ||
| 300 | |a 102 p. | ||
| 650 | |a MIGRACION INTERNA | ||
| 999 | |c 17574 |d 17574 | ||
